दर्यावर्दी कोलंबस (Record no. 113309)

MARC details
000 -LEADER
fixed length control field 00488nam a2200169Ia 4500
008 - FIXED-LENGTH DATA ELEMENTS--GENERAL INFORMATION
fixed length control field 090124s9999 xx 000 0 und d
020 ## - INTERNATIONAL STANDARD BOOK NUMBER
International Standard Book Number 81-89724-74-6
082 ## - DEWEY DECIMAL CLASSIFICATION NUMBER
Item number 47084
245 ## - TITLE STATEMENT
Title दर्यावर्दी कोलंबस
250 ## - EDITION STATEMENT
Edition statement 2
260 ## - PUBLICATION, DISTRIBUTION, ETC. (IMPRINT)
Date of publication, distribution, etc 2007
300 ## - PHYSICAL DESCRIPTION
Extent 148
630 ## - SUBJECT ADDED ENTRY--UNIFORM TITLE
Uniform title दर्यावर्दी कोलंबस
700 ## - ADDED ENTRY--PERSONAL NAME
Personal name किणीकर रॉय
730 ## - ADDED ENTRY--UNIFORM TITLE
Uniform title दर्यावर्दी कोलंबस
942 ## - ADDED ENTRY ELEMENTS (KOHA)
Koha item type Book
Holdings
Withdrawn status Lost status Damaged status Not for loan Home library Current library Date acquired Cost, normal purchase price Total Checkouts Full call number Barcode Date last seen Cost, replacement price Price effective from Koha item type
        Nagar Wachan Mandir, Thane Nagar Wachan Mandir, Thane   110.00   47084 THNNWM-47084 01/24/2009 110.00 01/24/2009 Book